| 000 | 00977 a2200241 4500 | ||
|---|---|---|---|
| 005 | 20260408162259.0 | ||
| 008 | 260408b |||||||| |||| 00| 0 eng d | ||
| 020 | _a9788119141203 (hbk) | ||
| 037 | _cTB | ||
| 040 |
_aCRL _cCRL |
||
| 041 |
_2hin _ahin _hurd |
||
| 084 |
_aO168,1M137w 152R4 _qCRL |
||
| 245 | _aहाली और हयाते सादी | ||
| 260 |
_aदिल्ली, भारत: _bअनन्य प्रकाशन, _c2024. |
||
| 300 | _a124पृ. | ||
| 365 |
_b295.00 _cINR |
||
| 546 | _aTranslated from Urdu to Hindi | ||
| 650 | _aउर्दू कविता | ||
| 650 | _2उर्दू साहित्य | ||
| 700 |
_aनदवी, मो. जाकिर हुसैन _eअनुवादक _9861627 |
||
| 942 |
_cTB _2CC _hO168,1M137w 152R4 |
||
| 999 |
_c1466838 _d1466838 |
||